Tokoh politik

Bibliographic Details
Main Author: Norhayati Suboh
Format: Book
Published: Kuala Lumpur : Cipta Publishing , 2006
Series:Koleksi tokoh
Subjects:

MARC

LEADER 00000cam a2200000 7i4500
001 0000014316
005 20170521.0
008 080226
020 |a 9838092797 
090 0 0 |a BIO MAL 
100 0 |a Norhayati Suboh 
245 1 0 |a Tokoh politik   |c Norhayati Suboh 
260 |a Kuala Lumpur :   |b Cipta Publishing ,   |c 2006 
440 |a Koleksi tokoh 
500 |a Children ages 10-12 years old (pink) 
650 0 |a Politicians   |x Biography 
999 |a 0000918945   |b Book   |c Children Collection   |e Cawangan Bukit Gambir 
999 |a 0000918946   |b Book   |c Children Collection   |e Cawangan Bukit Gambir 
999 |a 0000918947   |b Book   |c Children Collection   |e Cawangan Bukit Gambir 
999 |a 0000932018   |b Book   |c Children Collection   |e Cawangan Tangkak 
999 |a 0000932019   |b Book   |c Children Collection   |e Cawangan Tangkak 
999 |a 0000932020   |b Book   |c Children Collection   |e Cawangan Tangkak 
999 |a 0001012366   |b Book   |c Children Collection   |e Perbadanan Perpustakaan Awam Johor 
999 |a 0001012367   |b Book   |c Children Collection   |e Perbadanan Perpustakaan Awam Johor 
999 |a 000468030   |b Book   |c Children Collection   |e Cawangan Muar